[Event "7th Arber Senior Cup"]
[Site "chess24.com"]
[Date "2019.07.29"]
[Round "3"]
[White "Wolff, Peter"]
[Black "Riha, Peter"]
[Result "1/2-1/2"]
[Board "29"]
[WhiteElo "1915"]
[WhiteTeam "VSG Offenbach"]
[WhiteCountry "GER"]
[WhiteFideId "4655613"]
[WhiteEloChange "-5"]
[BlackElo "1720"]
[BlackTeam "Schleswiger SV"]
[BlackCountry "GER"]
[BlackFideId "24627399"]
[BlackEloChange "5"]

1. c4 {[%clk 2:10:30]} e5 {[%clk 2:10:30]} 2. g3 {[%clk 2:10:30]} Nf6 {[%clk
2:10:30]} 3. Bg2 {[%clk 2:10:30]} d5 {[%clk 2:10:30]} 4. cxd5 {[%clk 2:10:30]}
Nxd5 {[%clk 2:10:30]} 5. Nc3 {[%clk 2:10:30]} Nb6 {[%clk 2:10:30]} 6. Nf3 {[%clk
2:10:30]} Nc6 {[%clk 2:10:30]} 7. O-O {[%clk 2:10:30]} Be7 {[%clk 2:10:30]} 8. a3
{[%clk 2:10:30]} O-O {[%clk 2:10:30]} 9. b4 {[%clk 2:10:30]} f6 {[%clk 2:10:30]}
10. d3 {[%clk 2:10:30]} Qe8 {[%clk 2:10:30]} 11. Rb1 {[%clk 2:10:30]} Qf7 {[%clk
2:10:30]} 12. Bb2 {[%clk 2:10:30]} Rd8 {[%clk 2:10:30]} 13. Ne4 {[%clk 2:10:30]}
Rb8 {[%clk 2:10:30]} 14. Qc2 {[%clk 2:10:30]} a6 {[%clk 2:10:30]} 15. Rfc1 {[%clk
2:10:30]} Be6 {[%clk 2:10:30]} 16. Nfd2 {[%clk 2:10:30]} Ba2 {[%clk 2:10:30]} 17.
Ra1 {[%clk 2:10:30]} Bd5 {[%clk 2:10:30]} 18. Rab1 {[%clk 2:10:30]} Ba2 {[%clk
2:10:30]} 19. Ra1 {[%clk 2:10:30]} Bd5 {[%clk 2:10:30]} 20. Nc4 {[%clk 2:10:30]}
Nxc4 {[%clk 2:10:30]} 21. dxc4 {[%clk 2:10:30]} Be6 {[%clk 2:10:30]} 22. e3
{[%clk 2:10:30]} Rd7 {[%clk 2:10:30]} 1/2-1/2

[Event "7th Arber Senior Cup"]
[Site "chess24.com"]
[Date "2019.07.29"]
[Round "3"]
[White "Luebbers, Doris, Dr."]
[Black "Busch, Joerg"]
[Result "0-1"]
[Board "30"]
[WhiteElo "1514"]
[WhiteTeam "SF Taunus"]
[WhiteCountry "GER"]
[WhiteFideId "24630080"]
[WhiteEloChange "-3"]
[BlackElo "1851"]
[BlackTeam "SV Wersten"]
[BlackCountry "GER"]
[BlackFideId "4640241"]
[BlackEloChange "3"]

1. d4 {[%clk 2:10:30]} d5 {[%clk 2:10:30]} 2. Nf3 {[%clk 2:10:30]} c6 {[%clk
2:10:30]} 3. e3 {[%clk 2:10:30]} Bg4 {[%clk 2:10:30]} 4. Be2 {[%clk 2:10:30]} e6
{[%clk 2:10:30]} 5. Ne5 {[%clk 2:10:30]} Bxe2 {[%clk 2:10:30]} 6. Qxe2 {[%clk
2:10:30]} Nd7 {[%clk 2:10:30]} 7. Nxd7 {[%clk 2:10:30]} Qxd7 {[%clk 2:10:30]} 8.
Nd2 {[%clk 2:10:30]} Nf6 {[%clk 2:10:30]} 9. b3 {[%clk 2:10:30]} Bd6 {[%clk
2:10:30]} 10. Nf3 {[%clk 2:10:30]} O-O {[%clk 2:10:30]} 11. Bb2 {[%clk 2:10:30]}
Rac8 {[%clk 2:10:30]} 12. O-O {[%clk 2:10:30]} Bb8 {[%clk 2:10:30]} 13. Rac1
{[%clk 2:10:30]} Ne4 {[%clk 2:10:30]} 14. Ne5 {[%clk 2:10:30]} Qc7 {[%clk
2:10:30]} 15. f3 {[%clk 2:10:30]} Nf6 {[%clk 2:10:30]} 16. c4 {[%clk 2:10:30]}
Nd7 {[%clk 2:10:30]} 17. g3 {[%clk 2:10:30]} Nf6 {[%clk 2:10:30]} 18. cxd5 {[%clk
2:10:30]} exd5 {[%clk 2:10:30]} 19. Qg2 {[%clk 2:10:30]} Qa5 {[%clk 2:10:30]} 20.
a3 {[%clk 2:10:30]} Qb6 {[%clk 2:10:30]} 21. b4 {[%clk 2:10:30]} Bxe5 {[%clk
2:10:30]} 22. dxe5 {[%clk 2:10:30]} Qxe3+ {[%clk 2:10:30]} 23. Qf2 {[%clk
2:10:30]} Qxf2+ {[%clk 2:10:30]} 24. Kxf2 {[%clk 2:10:30]} Nd7 {[%clk 2:10:30]}
25. Rfe1 {[%clk 2:10:30]} Rfe8 {[%clk 2:10:30]} 26. Bd4 {[%clk 2:10:30]} Nb6
{[%clk 2:10:30]} 27. Bxb6 {[%clk 2:10:30]} axb6 {[%clk 2:10:30]} 28. f4 {[%clk
2:10:30]} Ra8 {[%clk 2:10:30]} 29. Rc3 {[%clk 2:10:30]} g6 {[%clk 2:10:30]} 30.
Re2 {[%clk 2:10:30]} h5 {[%clk 2:10:30]} 31. h4 {[%clk 2:10:30]} Kf8 {[%clk
2:10:30]} 32. Ke1 {[%clk 2:10:30]} Ra4 {[%clk 2:10:30]} 33. Kd1 {[%clk 2:10:30]}
Rea8 {[%clk 2:10:30]} 34. Ra2 {[%clk 2:10:30]} Rxb4 {[%clk 2:10:30]} 35. Kc2
{[%clk 2:10:30]} Re4 {[%clk 2:10:30]} 36. Kb3 {[%clk 2:10:30]} b5 {[%clk
2:10:30]} 37. Rac2 {[%clk 2:10:30]} Rea4 {[%clk 2:10:30]} 38. Kb2 {[%clk
2:10:30]} Ke7 {[%clk 2:10:30]} 39. Rb3 {[%clk 2:10:30]} R8a7 {[%clk 2:10:30]} 40.
Rcc3 {[%clk 2:10:30]} Rc4 {[%clk 2:10:30]} 0-1

[Event "7th Arber Senior Cup"]
[Site "chess24.com"]
[Date "2019.07.29"]
[Round "3"]
[White "Boldt, Heinrich"]
[Black "Cordts, Elof"]
[Result "1-0"]
[Board "31"]
[WhiteElo "1803"]
[WhiteTeam "TSV Kareth-Lappersdorf"]
[WhiteCountry "GER"]
[WhiteFideId "4644220"]
[WhiteEloChange "7"]
[BlackElo "1710"]
[BlackTeam "SC Erlangen"]
[BlackCountry "GER"]
[BlackFideId "12987301"]
[BlackEloChange "-7"]

1. d4 {[%clk 2:10:30]} Nf6 {[%clk 2:10:30]} 2. Nf3 {[%clk 2:10:30]} c5 {[%clk
2:10:30]} 3. e3 {[%clk 2:10:30]} cxd4 {[%clk 2:10:30]} 4. exd4 {[%clk 2:10:30]}
e6 {[%clk 2:10:30]} 5. Bd3 {[%clk 2:10:30]} Be7 {[%clk 2:10:30]} 6. Bf4 {[%clk
2:10:30]} Nh5 {[%clk 2:10:30]} 7. Be3 {[%clk 2:10:30]} Qc7 {[%clk 2:10:30]} 8.
Ne5 {[%clk 2:10:30]} Nf6 {[%clk 2:10:30]} 9. Nc3 {[%clk 2:10:30]} a6 {[%clk
2:10:30]} 10. h3 {[%clk 2:10:30]} Nc6 {[%clk 2:10:30]} 11. Nxc6 {[%clk 2:10:30]}
Qxc6 {[%clk 2:10:30]} 12. O-O {[%clk 2:10:30]} b5 {[%clk 2:10:30]} 13. f3 {[%clk
2:10:30]} Bb7 {[%clk 2:10:30]} 14. Qe1 {[%clk 2:10:30]} Qc7 {[%clk 2:10:30]} 15.
Ne4 {[%clk 2:10:30]} Nd5 {[%clk 2:10:30]} 16. Bf2 {[%clk 2:10:30]} Nb4 {[%clk
2:10:30]} 17. Rc1 {[%clk 2:10:30]} Nxa2 {[%clk 2:10:30]} 18. Bg3 {[%clk 2:10:30]}
d6 {[%clk 2:10:30]} 19. Ra1 {[%clk 2:10:30]} Nb4 {[%clk 2:10:30]} 20. Qxb4 {[%clk
2:10:30]} e5 {[%clk 2:10:30]} 21. Qa5 {[%clk 2:10:30]} Qd7 {[%clk 2:10:30]} 22.
dxe5 {[%clk 2:10:30]} d5 {[%clk 2:10:30]} 23. Nd6+ {[%clk 2:10:30]} Bxd6 {[%clk
2:10:30]} 24. exd6 {[%clk 2:10:30]} O-O {[%clk 2:10:30]} 25. Rfe1 {[%clk
2:10:30]} 1-0

[Event "7th Arber Senior Cup"]
[Site "chess24.com"]
[Date "2019.07.29"]
[Round "3"]
[White "Gaedt, Mario"]
[Black "Sagner, Guenter"]
[Result "0-1"]
[Board "32"]
[WhiteElo "1502"]
[WhiteTeam "SV Bergen"]
[WhiteCountry "GER"]
[WhiteFideId "12970352"]
[WhiteEloChange "-5"]
[BlackElo "1696"]
[BlackTeam "SC Bayerwald"]
[BlackCountry "GER"]
[BlackFideId "12973629"]
[BlackEloChange "5"]

1. d4 {[%clk 2:10:30]} Nf6 {[%clk 2:10:30]} 2. Nf3 {[%clk 2:10:30]} e6 {[%clk
2:10:30]} 3. c4 {[%clk 2:10:30]} d5 {[%clk 2:10:30]} 4. Nc3 {[%clk 2:10:30]} Bb4
{[%clk 2:10:30]} 5. Bg5 {[%clk 2:10:30]} c6 {[%clk 2:10:30]} 6. Bxf6 {[%clk
2:10:30]} Qxf6 {[%clk 2:10:30]} 7. e3 {[%clk 2:10:30]} O-O {[%clk 2:10:30]} 8. a3
{[%clk 2:10:30]} Be7 {[%clk 2:10:30]} 9. Bd3 {[%clk 2:10:30]} b6 {[%clk 2:10:30]}
10. O-O {[%clk 2:10:30]} Nd7 {[%clk 2:10:30]} 11. Qc2 {[%clk 2:10:30]} h6 {[%clk
2:10:30]} 12. e4 {[%clk 2:10:30]} dxc4 {[%clk 2:10:30]} 13. Bxc4 {[%clk 2:10:30]}
e5 {[%clk 2:10:30]} 14. Rad1 {[%clk 2:10:30]} exd4 {[%clk 2:10:30]} 15. Nxd4
{[%clk 2:10:30]} Ne5 {[%clk 2:10:30]} 16. Ba2 {[%clk 2:10:30]} Ba6 {[%clk
2:10:30]} 17. Rfe1 {[%clk 2:10:30]} Bc5 {[%clk 2:10:30]} 18. Kh1 {[%clk 2:10:30]}
Ng4 {[%clk 2:10:30]} 19. f3 {[%clk 2:10:30]} Nxh2 {[%clk 2:10:30]} 20. Kxh2
{[%clk 2:10:30]} Qh4+ {[%clk 2:10:30]} 21. Kg1 {[%clk 2:10:30]} Rad8 {[%clk
2:10:30]} 22. Ne2 {[%clk 2:10:30]} Bxe2 {[%clk 2:10:30]} 23. Rxe2 {[%clk
2:10:30]} Rxd4 {[%clk 2:10:30]} 24. Rxd4 {[%clk 2:10:30]} Bxd4+ {[%clk 2:10:30]}
25. Rf2 {[%clk 2:10:30]} Rd8 {[%clk 2:10:30]} 0-1

[Event "7th Arber Senior Cup"]
[Site "chess24.com"]
[Date "2019.07.29"]
[Round "3"]
[White "Voeller, Lothar"]
[Black "Glatz, Volker"]
[Result "1/2-1/2"]
[Board "33"]
[WhiteElo "1666"]
[WhiteTeam "FS Dortmund"]
[WhiteCountry "GER"]
[WhiteFideId "24616010"]
[WhiteEloChange "-4"]
[BlackElo "1515"]
[BlackTeam "SC Bayerwald"]
[BlackCountry "GER"]
[BlackFideId "12973645"]
[BlackEloChange "4"]

1. e4 {[%clk 2:10:30]} d6 {[%clk 2:10:30]} 2. f4 {[%clk 2:10:30]} Nf6 {[%clk
2:10:30]} 3. d3 {[%clk 2:10:30]} Nc6 {[%clk 2:10:30]} 4. Nf3 {[%clk 2:10:30]} Bg4
{[%clk 2:10:30]} 5. Be2 {[%clk 2:10:30]} Bxf3 {[%clk 2:10:30]} 6. Bxf3 {[%clk
2:10:30]} Nd4 {[%clk 2:10:30]} 7. O-O {[%clk 2:10:30]} e5 {[%clk 2:10:30]} 8. Nc3
{[%clk 2:10:30]} c6 {[%clk 2:10:30]} 9. fxe5 {[%clk 2:10:30]} dxe5 {[%clk
2:10:30]} 10. Be3 {[%clk 2:10:30]} Bc5 {[%clk 2:10:30]} 11. Kh1 {[%clk 2:10:30]}
O-O {[%clk 2:10:30]} 12. Bg5 {[%clk 2:10:30]} Be7 {[%clk 2:10:30]} 13. Ne2 {[%clk
2:10:30]} Rc8 {[%clk 2:10:30]} 14. Ng3 {[%clk 2:10:30]} Ne6 {[%clk 2:10:30]} 15.
Bd2 {[%clk 2:10:30]} Nd4 {[%clk 2:10:30]} 16. a3 {[%clk 2:10:30]} Qd7 {[%clk
2:10:30]} 17. Bc3 {[%clk 2:10:30]} c5 {[%clk 2:10:30]} 18. Bxd4 {[%clk 2:10:30]}
cxd4 {[%clk 2:10:30]} 19. Nf5 {[%clk 2:10:30]} g6 {[%clk 2:10:30]} 20. Nh6+
{[%clk 2:10:30]} Kh8 {[%clk 2:10:30]} 21. Ng4 {[%clk 2:10:30]} Qd6 {[%clk
2:10:30]} 22. Qe2 {[%clk 2:10:30]} Nxg4 {[%clk 2:10:30]} 23. Bxg4 {[%clk
2:10:30]} Rc7 {[%clk 2:10:30]} 24. Rf2 {[%clk 2:10:30]} Bg5 {[%clk 2:10:30]} 25.
Raf1 {[%clk 2:10:30]} Kg7 {[%clk 2:10:30]} 26. g3 {[%clk 2:10:30]} Qb6 {[%clk
2:10:30]} 27. h4 {[%clk 2:10:30]} Bd8 {[%clk 2:10:30]} 28. b3 {[%clk 2:10:30]} f6
{[%clk 2:10:30]} 29. h5 {[%clk 2:10:30]} Rcf7 {[%clk 2:10:30]} 30. Rh2 {[%clk
2:10:30]} g5 {[%clk 2:10:30]} 31. Rhf2 {[%clk 2:10:30]} h6 {[%clk 2:10:30]} 32.
Qf3 {[%clk 2:10:30]} Kh8 {[%clk 2:10:30]} 33. a4 {[%clk 2:10:30]} a5 {[%clk
2:10:30]} 34. Qf5 {[%clk 2:10:30]} Rg8 {[%clk 2:10:30]} 35. Qe6 {[%clk 2:10:30]}
Rgf8 {[%clk 2:10:30]} 36. Qxb6 {[%clk 2:10:30]} Bxb6 {[%clk 2:10:30]} 37. Be6
{[%clk 2:10:30]} Bd8 {[%clk 2:10:30]} 38. Bxf7 {[%clk 2:10:30]} Rxf7 {[%clk
2:10:30]} 39. g4 {[%clk 2:10:30]} Kg7 {[%clk 2:10:30]} 40. Kg2 {[%clk 2:10:30]}
Be7 {[%clk 2:10:30]} 41. Kf3 {[%clk 2:10:30]} Bb4 {[%clk 2:10:30]} 42. Ke2 {[%clk
2:10:30]} b6 {[%clk 2:10:30]} 43. Kd1 {[%clk 2:10:30]} Bc3 {[%clk 2:10:30]} 44.
Kc1 {[%clk 2:10:30]} Bb4 {[%clk 2:10:30]} 45. Kb2 {[%clk 2:10:30]} Bc3+ {[%clk
2:10:30]} 46. Ka2 {[%clk 2:10:30]} Bb4 {[%clk 2:10:30]} 47. Rb1 {[%clk 2:10:30]}
Rc7 {[%clk 2:10:30]} 48. Rc1 {[%clk 2:10:30]} Rc3 {[%clk 2:10:30]} 49. Kb2 {[%clk
2:10:30]} Rc7 {[%clk 2:10:30]} 50. Kb1 {[%clk 2:10:30]} Bc3 {[%clk 2:10:30]} 51.
Rcf1 {[%clk 2:10:30]} Rc6 {[%clk 2:10:30]} 52. Ka2 {[%clk 2:10:30]} Bb4 {[%clk
2:10:30]} 53. Rc1 {[%clk 2:10:30]} Bc3 {[%clk 2:10:30]} 54. Rb1 {[%clk 2:10:30]}
Bb4 {[%clk 2:10:30]} 55. Rb2 {[%clk 2:10:30]} Bc3 {[%clk 2:10:30]} 56. Rf1 {[%clk
2:10:30]} Bxb2 {[%clk 2:10:30]} 57. Kxb2 {[%clk 2:10:30]} Rc3 {[%clk 2:10:30]}
58. Rf2 {[%clk 2:10:30]} Kf7 {[%clk 2:10:30]} 1/2-1/2

[Event "7th Arber Senior Cup"]
[Site "chess24.com"]
[Date "2019.07.29"]
[Round "3"]
[White "Yon, Gregory"]
[Black "Braeu, Emmi"]
[Result "1-0"]
[Board "34"]
[WhiteElo "1658"]
[WhiteTeam "Bergische SF"]
[WhiteCountry "GER"]
[WhiteFideId "12933945"]
[WhiteEloChange "5"]
[BlackElo "1477"]
[BlackTeam "SK Marktoberdorf"]
[BlackCountry "GER"]
[BlackFideId "24646946"]
[BlackEloChange "-5"]

1. d4 {[%clk 2:10:30]} Nf6 {[%clk 2:10:30]} 2. Bf4 {[%clk 2:10:30]} d5 {[%clk
2:10:30]} 3. Nf3 {[%clk 2:10:30]} e6 {[%clk 2:10:30]} 4. e3 {[%clk 2:10:30]} c5
{[%clk 2:10:30]} 5. Nbd2 {[%clk 2:10:30]} Bd7 {[%clk 2:10:30]} 6. Ne5 {[%clk
2:10:30]} Qb6 {[%clk 2:10:30]} 7. dxc5 {[%clk 2:10:30]} Bxc5 {[%clk 2:10:30]} 8.
Nb3 {[%clk 2:10:30]} Bb5 {[%clk 2:10:30]} 9. Be2 {[%clk 2:10:30]} O-O {[%clk
2:10:30]} 10. O-O {[%clk 2:10:30]} Nbd7 {[%clk 2:10:30]} 11. Nxc5 {[%clk
2:10:30]} Nxc5 {[%clk 2:10:30]} 12. Rb1 {[%clk 2:10:30]} Rac8 {[%clk 2:10:30]}
13. Re1 {[%clk 2:10:30]} Rfd8 {[%clk 2:10:30]} 14. Bh5 {[%clk 2:10:30]} Be8
{[%clk 2:10:30]} 15. Bg5 {[%clk 2:10:30]} Nce4 {[%clk 2:10:30]} 16. Bh4 {[%clk
2:10:30]} Qd6 {[%clk 2:10:30]} 17. f4 {[%clk 2:10:30]} Rc7 {[%clk 2:10:30]} 18.
Bf3 {[%clk 2:10:30]} Rdc8 {[%clk 2:10:30]} 19. c3 {[%clk 2:10:30]} Qa6 {[%clk
2:10:30]} 20. a3 {[%clk 2:10:30]} Bb5 {[%clk 2:10:30]} 21. Qd4 {[%clk 2:10:30]}
Bd3 {[%clk 2:10:30]} 22. Qxd3 {[%clk 2:10:30]} Qxd3 {[%clk 2:10:30]} 23. Nxd3
{[%clk 2:10:30]} Nd2 {[%clk 2:10:30]} 24. Rbd1 {[%clk 2:10:30]} Nc4 {[%clk
2:10:30]} 25. Re2 {[%clk 2:10:30]} Ne4 {[%clk 2:10:30]} 26. Bxe4 {[%clk 2:10:30]}
dxe4 {[%clk 2:10:30]} 27. Ne5 {[%clk 2:10:30]} Nxe5 {[%clk 2:10:30]} 28. fxe5
{[%clk 2:10:30]} h6 {[%clk 2:10:30]} 29. Red2 {[%clk 2:10:30]} g5 {[%clk
2:10:30]} 30. Rd8+ {[%clk 2:10:30]} Rxd8 {[%clk 2:10:30]} 31. Rxd8+ {[%clk
2:10:30]} Kg7 {[%clk 2:10:30]} 32. Bg3 {[%clk 2:10:30]} Rc6 {[%clk 2:10:30]} 33.
Rd4 {[%clk 2:10:30]} Rc5 {[%clk 2:10:30]} 34. Kf2 {[%clk 2:10:30]} Kg6 {[%clk
2:10:30]} 35. Rd7 {[%clk 2:10:30]} Rb5 {[%clk 2:10:30]} 36. Rd2 {[%clk 2:10:30]}
a5 {[%clk 2:10:30]} 37. b4 {[%clk 2:10:30]} Kf5 {[%clk 2:10:30]} 38. a4 {[%clk
2:10:30]} Rd5 {[%clk 2:10:30]} 39. Rxd5 {[%clk 2:10:30]} exd5 {[%clk 2:10:30]}
40. b5 {[%clk 2:10:30]} b6 {[%clk 2:10:30]} 41. h4 {[%clk 2:10:30]} gxh4 {[%clk
2:10:30]} 42. Bxh4 {[%clk 2:10:30]} Kxe5 {[%clk 2:10:30]} 43. Bd8 {[%clk
2:10:30]} Kd6 {[%clk 2:10:30]} 44. Bxb6 {[%clk 2:10:30]} f5 {[%clk 2:10:30]} 45.
Bxa5 {[%clk 2:10:30]} Kc5 {[%clk 2:10:30]} 46. b6 {[%clk 2:10:30]} Kc6 {[%clk
2:10:30]} 47. Kg3 {[%clk 2:10:30]} Kb7 {[%clk 2:10:30]} 48. Kf4 {[%clk 2:10:30]}
Ka6 {[%clk 2:10:30]} 49. Kxf5 {[%clk 2:10:30]} Kb7 {[%clk 2:10:30]} 50. Ke5
{[%clk 2:10:30]} Kc6 {[%clk 2:10:30]} 51. Kd4 {[%clk 2:10:30]} h5 {[%clk
2:10:30]} 52. g3 {[%clk 2:10:30]} 1-0

[Event "7th Arber Senior Cup"]
[Site "chess24.com"]
[Date "2019.07.29"]
[Round "3"]
[White "Barnowski, Roman"]
[Black "Gross-Winter, Guenter"]
[Result "1/2-1/2"]
[Board "35"]
[WhiteElo "1459"]
[WhiteTeam "SW N�rnberg S�d"]
[WhiteCountry "GER"]
[WhiteFideId "16255240"]
[WhiteEloChange "5"]
[BlackElo "1664"]
[BlackTeam "SC Ansbach"]
[BlackCountry "GER"]
[BlackFideId "16222750"]
[BlackEloChange "-5"]

1. Nf3 {[%clk 2:10:30]} g6 {[%clk 2:10:30]} 2. c4 {[%clk 2:10:30]} Bg7 {[%clk
2:10:30]} 3. d4 {[%clk 2:10:30]} d6 {[%clk 2:10:30]} 4. e3 {[%clk 2:10:30]} c6
{[%clk 2:10:30]} 5. Be2 {[%clk 2:10:30]} Nd7 {[%clk 2:10:30]} 6. O-O {[%clk
2:10:30]} Qc7 {[%clk 2:10:30]} 7. Nc3 {[%clk 2:10:30]} e6 {[%clk 2:10:30]} 8. b4
{[%clk 2:10:30]} a6 {[%clk 2:10:30]} 9. Bb2 {[%clk 2:10:30]} Ne7 {[%clk 2:10:30]}
10. d5 {[%clk 2:10:30]} e5 {[%clk 2:10:30]} 11. dxc6 {[%clk 2:10:30]} bxc6 {[%clk
2:10:30]} 12. Ne4 {[%clk 2:10:30]} d5 {[%clk 2:10:30]} 13. cxd5 {[%clk 2:10:30]}
cxd5 {[%clk 2:10:30]} 14. Nc5 {[%clk 2:10:30]} Nxc5 {[%clk 2:10:30]} 15. bxc5
{[%clk 2:10:30]} O-O {[%clk 2:10:30]} 16. Rc1 {[%clk 2:10:30]} Rd8 {[%clk
2:10:30]} 17. Ba1 {[%clk 2:10:30]} Nc6 {[%clk 2:10:30]} 18. Qd2 {[%clk 2:10:30]}
Bf8 {[%clk 2:10:30]} 19. Rfd1 {[%clk 2:10:30]} f6 {[%clk 2:10:30]} 20. Qc3 {[%clk
2:10:30]} Be6 {[%clk 2:10:30]} 21. h3 {[%clk 2:10:30]} Rdb8 {[%clk 2:10:30]} 22.
Rb1 {[%clk 2:10:30]} a5 {[%clk 2:10:30]} 23. a3 {[%clk 2:10:30]} Rxb1 {[%clk
2:10:30]} 1/2-1/2

[Event "7th Arber Senior Cup"]
[Site "chess24.com"]
[Date "2019.07.29"]
[Round "3"]
[White "Kurze, Volker"]
[Black "Krejci, Zdenek"]
[Result "1-0"]
[Board "36"]
[WhiteElo "1658"]
[WhiteTeam "SC RT Altstadt M�nchen"]
[WhiteCountry "GER"]
[WhiteFideId "24694584"]
[WhiteEloChange "4"]
[BlackElo "1432"]
[BlackTeam "TSCHECHIEN"]
[BlackCountry "CZE"]
[BlackFideId "335495"]
[BlackEloChange "-4"]

1. Nf3 {[%clk 2:10:30]} d6 {[%clk 2:10:30]} 2. b3 {[%clk 2:10:30]} Nc6 {[%clk
2:10:30]} 3. Bb2 {[%clk 2:10:30]} e5 {[%clk 2:10:30]} 4. d3 {[%clk 2:10:30]} Nf6
{[%clk 2:10:30]} 5. Nbd2 {[%clk 2:10:30]} Be7 {[%clk 2:10:30]} 6. e3 {[%clk
2:10:30]} Bg4 {[%clk 2:10:30]} 7. Be2 {[%clk 2:10:30]} Bxf3 {[%clk 2:10:30]} 8.
Bxf3 {[%clk 2:10:30]} d5 {[%clk 2:10:30]} 9. O-O {[%clk 2:10:30]} O-O {[%clk
2:10:30]} 10. g3 {[%clk 2:10:30]} Bb4 {[%clk 2:10:30]} 11. a3 {[%clk 2:10:30]}
Bxd2 {[%clk 2:10:30]} 12. Qxd2 {[%clk 2:10:30]} Qd6 {[%clk 2:10:30]} 13. Bg2
{[%clk 2:10:30]} Rae8 {[%clk 2:10:30]} 14. a4 {[%clk 2:10:30]} b6 {[%clk
2:10:30]} 15. Ba3 {[%clk 2:10:30]} Nb4 {[%clk 2:10:30]} 16. Bxb4 {[%clk 2:10:30]}
a5 {[%clk 2:10:30]} 17. Bxd6 {[%clk 2:10:30]} cxd6 {[%clk 2:10:30]} 18. b4 {[%clk
2:10:30]} axb4 {[%clk 2:10:30]} 19. Qxb4 {[%clk 2:10:30]} Rd8 {[%clk 2:10:30]}
20. Rfb1 {[%clk 2:10:30]} Rfe8 {[%clk 2:10:30]} 21. Qxb6 {[%clk 2:10:30]} e4
{[%clk 2:10:30]} 22. d4 {[%clk 2:10:30]} Ng4 {[%clk 2:10:30]} 23. Bh3 {[%clk
2:10:30]} h5 {[%clk 2:10:30]} 24. Bxg4 {[%clk 2:10:30]} hxg4 {[%clk 2:10:30]} 25.
Qb5 {[%clk 2:10:30]} Rc8 {[%clk 2:10:30]} 26. Qe2 {[%clk 2:10:30]} f5 {[%clk
2:10:30]} 27. a5 {[%clk 2:10:30]} Kh7 {[%clk 2:10:30]} 28. a6 {[%clk 2:10:30]}
Rb8 {[%clk 2:10:30]} 29. Rxb8 {[%clk 2:10:30]} Rxb8 {[%clk 2:10:30]} 30. a7
{[%clk 2:10:30]} Ra8 {[%clk 2:10:30]} 31. Qb5 {[%clk 2:10:30]} Kh6 {[%clk
2:10:30]} 32. Qb8 {[%clk 2:10:30]} Rxb8 {[%clk 2:10:30]} 33. axb8Q {[%clk
2:10:30]} Kg5 {[%clk 2:10:30]} 34. Ra7 {[%clk 2:10:30]} g6 {[%clk 2:10:30]} 35.
Qd8+ {[%clk 2:10:30]} Kh6 {[%clk 2:10:30]} 36. Qh4# {[%clk 2:10:30]} 1-0

[Event "7th Arber Senior Cup"]
[Site "chess24.com"]
[Date "2019.07.29"]
[Round "3"]
[White "Nusser, Hans-Karl, Dr."]
[Black "Warnecke, Jens"]
[Result "1-0"]
[Board "38"]
[WhiteElo "1601"]
[WhiteTeam "M�nchener SC"]
[WhiteCountry "GER"]
[WhiteFideId "16226399"]
[WhiteEloChange "8"]
[BlackElo "1530"]
[BlackTeam "SC Weilerbach"]
[BlackCountry "GER"]
[BlackFideId "16273389"]
[BlackEloChange "-8"]

1. d4 {[%clk 2:10:30]} Nf6 {[%clk 2:10:30]} 2. c4 {[%clk 2:10:30]} g6 {[%clk
2:10:30]} 3. Nc3 {[%clk 2:10:30]} d6 {[%clk 2:10:30]} 4. e4 {[%clk 2:10:30]} Bg7
{[%clk 2:10:30]} 5. Nf3 {[%clk 2:10:30]} O-O {[%clk 2:10:30]} 6. Be2 {[%clk
2:10:30]} Nbd7 {[%clk 2:10:30]} 7. O-O {[%clk 2:10:30]} e5 {[%clk 2:10:30]} 8. d5
{[%clk 2:10:30]} Nc5 {[%clk 2:10:30]} 9. Bg5 {[%clk 2:10:30]} c6 {[%clk 2:10:30]}
10. b4 {[%clk 2:10:30]} Na6 {[%clk 2:10:30]} 11. Rb1 {[%clk 2:10:30]} Qc7 {[%clk
2:10:30]} 12. Nd2 {[%clk 2:10:30]} Rb8 {[%clk 2:10:30]} 13. Rb3 {[%clk 2:10:30]}
Bd7 {[%clk 2:10:30]} 14. Qb1 {[%clk 2:10:30]} c5 {[%clk 2:10:30]} 15. b5 {[%clk
2:10:30]} h6 {[%clk 2:10:30]} 16. Bxf6 {[%clk 2:10:30]} Bxf6 {[%clk 2:10:30]} 17.
bxa6 {[%clk 2:10:30]} bxa6 {[%clk 2:10:30]} 18. Rxb8 {[%clk 2:10:30]} Rxb8 {[%clk
2:10:30]} 19. Qc2 {[%clk 2:10:30]} Bg5 {[%clk 2:10:30]} 20. Rb1 {[%clk 2:10:30]}
Rf8 {[%clk 2:10:30]} 21. Nf3 {[%clk 2:10:30]} Bd8 {[%clk 2:10:30]} 22. Qb2 {[%clk
2:10:30]} Qa5 {[%clk 2:10:30]} 23. Qd2 {[%clk 2:10:30]} Bg5 {[%clk 2:10:30]} 24.
Nxg5 {[%clk 2:10:30]} hxg5 {[%clk 2:10:30]} 25. h3 {[%clk 2:10:30]} f5 {[%clk
2:10:30]} 26. Rb3 {[%clk 2:10:30]} f4 {[%clk 2:10:30]} 27. Qd1 {[%clk 2:10:30]}
Qc7 {[%clk 2:10:30]} 28. Bg4 {[%clk 2:10:30]} Kg7 {[%clk 2:10:30]} 29. Qb1 {[%clk
2:10:30]} Rd8 {[%clk 2:10:30]} 30. Rb7 {[%clk 2:10:30]} Qc8 {[%clk 2:10:30]} 31.
Rxa7 {[%clk 2:10:30]} Kf6 {[%clk 2:10:30]} 32. Qb7 {[%clk 2:10:30]} Qxb7 {[%clk
2:10:30]} 33. Rxb7 {[%clk 2:10:30]} Be8 {[%clk 2:10:30]} 34. Kf1 {[%clk 2:10:30]}
Ra8 {[%clk 2:10:30]} 35. Ke1 {[%clk 2:10:30]} a5 {[%clk 2:10:30]} 36. a4 {[%clk
2:10:30]} Ra6 {[%clk 2:10:30]} 37. Bd7 {[%clk 2:10:30]} Bxd7 {[%clk 2:10:30]} 38.
Rxd7 {[%clk 2:10:30]} Rb6 {[%clk 2:10:30]} 39. Nb5 {[%clk 2:10:30]} Rb8 {[%clk
2:10:30]} 40. Rxd6+ {[%clk 2:10:30]} Kf7 {[%clk 2:10:30]} 41. Ra6 {[%clk
2:10:30]} Kg7 {[%clk 2:10:30]} 42. Rxa5 {[%clk 2:10:30]} Rf8 {[%clk 2:10:30]} 43.
f3 {[%clk 2:10:30]} Kh6 {[%clk 2:10:30]} 44. Ra7 {[%clk 2:10:30]} Rh8 {[%clk
2:10:30]} 45. a5 {[%clk 2:10:30]} Kh5 {[%clk 2:10:30]} 46. a6 {[%clk 2:10:30]}
Kh4 {[%clk 2:10:30]} 47. Kf2 {[%clk 2:10:30]} g4 {[%clk 2:10:30]} 48. hxg4 {[%clk
2:10:30]} Kg5 {[%clk 2:10:30]} 49. Rb7 {[%clk 2:10:30]} Rh1 {[%clk 2:10:30]} 50.
a7 {[%clk 2:10:30]} Ra1 {[%clk 2:10:30]} 51. Rb8 {[%clk 2:10:30]} Ra2+ {[%clk
2:10:30]} 52. Kg1 {[%clk 2:10:30]} 1-0

[Event "7th Arber Senior Cup"]
[Site "chess24.com"]
[Date "2019.07.30"]
[Round "4"]
[White "Herbold, Manfred"]
[Black "Lorenc, Tomas"]
[Result "1/2-1/2"]
[Board "2"]
[WhiteElo "2081"]
[WhiteTitle "CM"]
[WhiteCountry "GER"]
[WhiteFideId "4682882"]
[WhiteEloChange "2"]
[BlackElo "2158"]
[BlackCountry "CZE"]
[BlackFideId "313203"]
[BlackEloChange "-2"]

1. Nc3 {[%clk 2:10:59]} c5 {[%clk 2:09:12]} 2. Nf3 {[%clk 2:09:34]} g6 {[%clk
2:04:35]} 3. e4 {[%clk 2:08:32]} Bg7 {[%clk 2:04:47]} 4. Bc4 {[%clk 2:08:24]} Nc6
{[%clk 2:03:22]} 5. a4 {[%clk 2:07:01]} d6 {[%clk 1:56:59]} 6. d3 {[%clk
2:05:38]} a6 {[%clk 1:52:41]} 7. Ng5 {[%clk 1:59:32]} Ne5 {[%clk 1:46:05]} 8. Bb3
{[%clk 1:59:16]} h6 {[%clk 1:42:38]} 9. Nf3 {[%clk 1:57:38]} Bg4 {[%clk 1:37:41]}
10. Nb1 {[%clk 1:52:43]} b5 {[%clk 1:25:40]} 11. Bd5 {[%clk 1:47:22]} Bxf3 {[%clk
1:18:04]} 12. gxf3 {[%clk 1:47:28]} Rb8 {[%clk 1:18:21]} 13. axb5 {[%clk
1:47:32]} axb5 {[%clk 1:18:38]} 14. f4 {[%clk 1:47:32]} 1/2-1/2